[Event "Corus Wijk aan Zee"]
[Site " Wijk aan Zee"]
[Date "2007.01.24"]
[Round "10"]
[White "GM Karjakin, Sergey (UKR)"]
[Black "GM Anand, Viswanathan (IND)"]
[Result "0-1"]
[WhiteElo "2678"]
[BlackElo "2779"]
[Annotator "Âàñèëèé Ëåáåäåâ"]
[PlyCount "126"]
[EventDate "2007.01.??"]
[EventType "tourn"]
[EventCountry "NED"]
[EventCategory "19"]
[Source "CrestBook.com"]

{Óæå òðàäèöèîííî (ïî êðàéíåé ìåðå, òåïåðü áîëüøå, ÷åì îäèí ðàç) ìåæäó ýòèìè
ñîïåðíèêàìè â Âåé-àí-Çåå âñòðåòèëñÿ ñëîæíåéøèé è ãëóáîêî ðàçðàáîòàííûé âàðèàíò,
ñàìîñòîÿòåëüíàÿ èãðà â êîòîðîì íà÷èíàåòñÿ àæ ïîñëå 20-ãî õîäà. È, êàê è â
ïðîøëîì ãîäó, äåáþòíàÿ ïîäãîòîâêà èíäèéñêîãî ìàãà, ÷àðîäåÿ è êóäåñíèêà
îêàçàëàñü ãîðàçäî áîëåå êà÷åñòâåííîé.} 1. e4 c5 2. Nf3 d6 3. d4 cxd4 4. Nxd4
Nf6 5. Nc3 a6 6. Be3 e5 7. Nb3 Be6 8. Qd2 Nbd7 9. O-O-O b5 10. f3 Be7 11. g4
O-O 12. g5 b4 {Êàê áû ýôôåêòíûå õîäû, äàâíî èçâåñòíûå â òåîðèè.} 13. Ne2 Ne8
14. h4 a5 15. Kb1 Nb6 16. Ng3 a4 17. Nc1 d5 ({Íàø þíûé «áîåâèê», ãðîìÿùèé
ñåé÷àñ âñåõ â òóðíèðå «Ñ», èãðàë çäåñü ïîáîåâèòåå:} 17... b3 {Íàø þíûé «áî
åâèê», ãðîìÿùèé ñåé÷àñ âñåõ â òóðíèðå «Ñ», èãðàë çäåñü ïîáîåâèòåå: 17...b3.
.. 0-1 (Smirnov,P (2613) - Nepomniachtchi,I (2520)/Tomsk RUS 2006). È õîòÿ
ñòàòèñòèêà ïîñëå ýòîãî õîäà äëÿ ÷¸ðíûõ ïðîñòî áëåñòÿùà (+0-2=2!), íå âñ¸ òóò
ÿñíî. Ñêàæåì òàê.. ;)}) 18. Bxb6 Qxb6 19. exd5 Rd8 {
×¸ðíûå «âûèãðûâàþò» ôåðçÿ.} 20. Bc4 Nc7 21. dxe6 Rxd2 22. exf7+ Kh8 23.
Rxd2 {Íî Àíàíä ïðèìåíÿåò î÷åíü õîðîøóþ íîâèíêó -} Nb5 $1 $146 {
îòêàçûâàÿñü îò «î÷åâèäíîãî» Qñ6. È äàëüøå âñ¸ áóäóò ðåøàòü íþàíñû.} ({
Íà ïðîøëîì âåéêàíççåâñêîì ñë,òå ëó÷øèõ øàõìàòèñòîâ ìèðà Êàðÿêèí èãðàë çäåñü
÷¸ðíûìè (!) ïðîòèâ Ïåòåðà Ëåêî. Äåëî, êàê ýòî îáû÷íî áûâàåò â ïàðòèÿõ
âåíãåðñêîãî ñóïåðãðîññà, áûñòðî çàêîí÷èëàñü ìèðîì:} 23... Qc6 24. b3 Nb5 25.
Bxb5 Qxb5 26. bxa4 Qxa4 27. Rhd1 Rxf7 28. Rd7 Kg8 29. Ne4 {
1/2 (Leko,P (2740)-Karjakin,S (2660)/Wijk aan Zee 2006).}) ({Ïðèìåíèë ýòîò
âàðèàíò â ñâî,ì òðèóìôàëüíîì Áèëå-2006 è Àëåêñàíäð Ìîðîçåâè÷. Ïðè÷,ì, ñâÿçàë
åãî ñ î÷åíü èíòåðåñíîé èäååé:} 23... Qc6 24. b3 Nb5 25. Bxb5 Qxb5 26. Nf5 $5
Rxf7 27. Nxe7 Rxe7 28. Rd8+ Re8 29. Rhd1 g6 {
è, ïîñëå âåñüìà èçÿùíûõ ëàäåéíûõ ìàí¸âðîâ,} 30. R1d5 Qc6 31. R5d6 Qb5 32. Rb6
$1 Qxb6 33. Rxe8+ Kg7 34. bxa4 $1 {áåëûå ïîëó÷èëè åñëè íå ïåðåâåñ, òî âåñüìà
ïåðñïåêòèâíóþ ïîçèöèþ. È âñåãî ÷åðåç «êàêèõ-òî» 50 õîäîâ â ñëåäóþùåì
ïîëîæåíèè...} Qc5 35. Rb8 Qd5 36. Rb5 Qxf3 37. Rxe5 h5 38. a5 Qc6 39. a6 Qxa6
40. Re4 Kf7 41. Nd3 Qa3 42. Rf4+ Ke7 43. Rxb4 Kd8 44. Rc4 Ke7 45. Nb4 Ke6 46.
c3 Qa4 47. Kb2 Kf7 48. Rd4 Qb5 49. Kb3 Qf1 50. Kb2 Qb5 51. a3 Kf8 52. Kb3 Qf1
53. a4 Qb1+ 54. Kc4 Qa1 55. Kb5 Qxc3 56. Nc6 Qb3+ 57. Rb4 Qf7 58. a5 Qf5+ 59.
Kb6 Qf2+ 60. Kb7 Qf7+ 61. Ka8 Qf1 62. Kb8 Ke8 63. Rd4 Qf5 64. Rd8+ Kf7 65. Kc7
Qb5 66. Rb8 Qc4 67. Rb4 Qf1 68. Kb7 Ke6 69. a6 Kd6 70. a7 Qf7+ 71. Ka6 Qe8 72.
Na5 Qc8+ 73. Nb7+ Kd5 74. Rb5+ Kd4 75. Rc5 Qe6+ 76. Kb5 Qb3+ 77. Kc6 Qa4+ 78.
Kc7 Qe8 79. Nd6 Qa8 80. Ra5 Kc3 81. Nc8 Kb4 {...ïîñëåäîâàëî} 82. Nb6 $1 $18 {
ïîñëå ÷åãî ïàðòèÿ ïîäîëæàëàñü ñîâñåì íåäîëãî.} Qf8 83. a8=Q Qf4+ 84. Kc6 Qc1+
85. Kd7 {- ïîñëå ÷åãî ïàðòèÿ ïðîäîëæàëàñü ñîâñåì íåäîëãî. 82...Qf8 83.a8Q
Qf4+ 84.Kc6 Qc1+ 85.Kd7 1-0 (Morozevich,A (2731) - Volokitin,A (2662)/Biel SUI
2006). Êîíöîâî÷êà ýòîé ïàðòèè êîãäà-òî ñïîäâèãëà ìåíÿ íà î÷åðåäíóþ
«ãðàôîìàíèþ»: https://www.chesspro.ru/guestnew/looknullmessage/
?themeid=10&id=2&page=9}) 24. Bxb5 {Íåòî÷íîñòü? Î÷åíü ìîæåò áûòü...} ({
À òåïåðü ñíà÷àëà áðÿêíó ÿ ÷åãî-íèáóäü (íàïðèìåð,} 24. Rd7 {), à ïîòîì
^ñü äîêàçàòü, ÷òî ýòî íå òàê óæ è ïëîõî. Ïðîÿâëþ, ïîíèìàåøü ëè, èíòóèöèþ! Ó
÷¸ðíûõ âûáîðà íåò -} Na3+ $1 {
Èáåëûå äîëæíû ïðèíèìàòü äàð, î÷åíü ïîõîæèé íà äàíàéñêèé:} 25. bxa3 ({
êîíå÷íî, ñëèøêîì áåçðîïîòíî} 25. Ka1 Nxc4 26. Rxe7 Qd4 27. Nd3 a3 28. Rb1 {
, à èíà÷å ìàò -} Ne3 29. Rc1 (29. Rc7 Qd6) 29... Nxc2+ 30. Rxc2 Qxd3 {è ò.ä.})
25... bxa3+ 26. Nb3 $1 ({ñëàáåå} 26. Bb3 axb3 27. axb3 Qe6) {È òåïåðü ó ÷,
ðíûõ åñòü äâà ïðèìåðíî ðàâíîöåííûõ ïðîäîëæåíèÿ, âåäóùèõ ê îäíèì è òåì æå
ïîçèöèÿì, ñ íåáîëüøèìè âàðèàöèÿìè. È ÿ äàáû íå ïåðåãðóæàòü ëèíèþ àíàëèçà
âñÿêèìè ïîáî÷íûìè âàðèàíòàìè, ðàçîáüþ âñ¸ íà äâå ÷àñòè:  À)} 26... Qb4 27.
Ne4 $1 Qxc4 28. Rxe7 axb3 29. axb3 Qd4 30. c3 {
È ÷¸ðíûé ôåðçü äîëæåí ñäåëàòü âûáîð} Qd3+ ({ñëàáåå} 30... Qd8 {èç-çà} 31. Re8
$1 Rxe8 32. fxe8=Q+ Qxe8 33. Rd1 {
- ìíå, êàæåòñÿ, ÷òî òóò èãðà îáîþäíûìè øàíñàìè}) 31. Ka2 {,  è òåïåðü} Qe2+ {
(êîíå÷íî, íå åäèíñòâåííîå ïðîäîëæåíèå)} 32. Kxa3 Ra8+ 33. Kb4 Rb8+ {
ïðèâîäèò ëèøü ê âå÷íîìó øàõó}) ({Á) (ïîñëå} 24. Rd7 Na3+ $1 25. bxa3 bxa3+ 26.
Nb3 {)} Qc6 27. Rxe7 Qxc4 28. Ne4 $1 ({È ïîñëå} 28. Re8 $2 Qxf7 29. Rxf8+ Qxf8
30. Nd2 Qb8+ 31. Nb3 ({åù¸ õóæå} 31. Kc1 Qb2+ 32. Kd1 Qxa2 33. Ne2 Qb2 $19)
31... Qd6 32. Ne4 axb3 33. axb3 Qd4 {
, ÷¸ðíûå âûáèâàþò ãëàâíóþ ïîäïîðêó ïîçèöèè áåëûõ - ïåøêó f3:} 34. c3 Qd3+
35. Ka2 Qxf3 {è ò.ä.}) 28... axb3 29. axb3 (29. cxb3 $4 Qd3+ {- è ìàò}) 29...
Qd4 30. c3 Qd3+ 31. Ka2 Qxf3 ({óæå ðàçáèðàëîñü} 31... Qe2+) {
È ñåé÷àñ...  Î, ñåé÷àñ...} 32. Rh2 $3 {Îáà-íà! È ÷¸ðíûì íàäî äåëàòü íè÷üþ!
} g6 $1 (32... Qxe4 $2 33. Re8 g6 34. Rxf8+ Kg7 35. Rh8 $1 {
, è êòî òóò áóäåò èãðàòü íà ïîáåäó?}) ({à} 32... Rxf7 {âîîáùå ïðîèãðûâàåò ââèäó
} 33. Rd2 $3 Rf8 34. Rf2) 33. Nf6 Kg7 34. Ne8+ Kh8 35. Nf6 {
Ýòî, áðàòöû, íè÷üÿ!}) 24... Qxb5 25. Nf5 Rxf7 26. Nxe7 Rxe7 27. Rd8+ Re8 28.
Rhd1 {È ìû ïîëó÷èëè ïîëîæåíèå èç ïàðòèè Ìîðîçåâè÷ - Âîëîêèòèí ñ ìà-àëåíüêèì
òàêèì ðàçëè÷èåì: ïåøêè ôåðçåâîãî ôëàíãà åù¸ íå âñòóïèëè â îãíåâîé êîíòàêò.
Ýòî, êàê ìíå êàæåòñÿ, è îïðåäåëÿåò ïåðåâåñ ÷¸ðíûõ.} Rg8 ({Â ñëó÷àå} 28... g6
{ïîëó÷àëàñü íè÷üÿ} 29. R1d5 Qc6 30. R5d6 Qb5 {
à åñëè íå õî÷åòñÿ èãðàòü òî ìîæíî ñäåëàòü íè÷üþ} 31. Rd5 ({À ýôôåêòíîå} 31.
Rb6 {òåïåðü íå òàê ñèëüíî, êàê â ïàðòèè superGM AM, òàê êàê ó áåëûõ íåò
ïðîõîäíîé ïî ëèíèè «à».})) 29. b3 {Êàê ìíå êàæåòñÿ, ñûãðàíî «ïî àíàëîãèè».
Íî çäåñü ÷¸ðíàÿ ïåøêà ïðîñêàêèâàåò íà à3, ÷òî è ïîçâîëèò ÷¸ðíûì â
äàëüíåéøåì âåñüìà óäà÷íî ñïåêóëèðîâàòü íà óãðîçå ìàòà íà ïîëå b2.} ({
Âèçóàëüíî, êàçàëîñü íåâàæíûì} 29. Rxg8+ Kxg8 30. Rd8+ Kf7 31. Nd3 {
èç-çà ñòàíäàðòíîãî ñèöèëèàíñêîãî «òû÷êà» -} b3 {Ïðàâäà, ðåäêî òàêîå â
ãëóáîêîì ýíäøïèëå óâèäèøü. Îáû÷íî ïåøêà «b» áðîñàåòñÿ âïåð,ä â
«ñèöèëèàíêå», êàê Àëåêñàíäð Ìàòðîñîâ, çíàÿ, ÷òî ñçàäè çà íå, åñòü êîìó
îòîìñòèòü.} {È àíàëèç ýòó «âèçóàëüíîñòü», ïîõîæå, ïîäòâåðæäàåò} 32. Rc8 $1 ({
ëó÷øåå; ñëàáåå} 32. axb3 axb3 33. c4 Qb6 34. Rd7+ Kf8 $1 35. Rd5 Qe3) 32...
Qd5 ({ïðèâåäó è «ïåðâîðàçðÿäíûé» âàðèàíò:} 32... bxa2+ 33. Kxa2 Qd5+ 34. Kb1
Qxf3 $4 35. Nxe5+) 33. axb3 axb3 34. Rc5 Qd4 35. Rxe5 Qc4 36. Ne1 Qxh4 {
, è «ñáîêó» ó ÷¸ðíûõ ïîÿâëÿåòñÿ ïðîõîäíàÿ «h», çà êîòîðóþ ïðèäåòñÿ
îòäàòü ëàäüþ. À êðåïîñòü òóò âðîäå íå ïîñòðîèøü. Ïî êðàéíåé ìåðå, òàêàÿ
ïîçèöèÿ, âïîëíå ìîãóùàÿ âîçíèêíóòü: 8/6k1/8/6q1/8/1PN5/1P6/1K6 w - - 0 1
-ïðîèãðàíà} 37. cxb3 Qd4) 29... a3 {Òåïåðü íà ïóíêòå b2 â ëþáîé ìîìåíò ìîæåò
ìàòåðèàëèçîâàòüñÿ ÷¸ðíûé ôåðçü ñ îãëàøèòåëüíûì ìàòîâûì ýôôåêòîì!} 30. R1d5 ({
Âèäèìî, ïîñëåäíèé ìîìåíò, êîãäà áåëûì ìîæíî ÷òî-òî ñîâåòîâàòü. Íàâåðíîå,
ñëåäîâàëî îñòàâèòü ïîáîëüøå ôèãóð íà äîñêå:} 30. R8d5 Qc6 31. Rxe5 Rc8 (31...
Qxf3 32. Rde1 Qh3) 32. Re2 Qxf3 33. Rde1) 30... Qf1 31. Rxg8+ (31. Rd3 Qf2 32.
h5 Qh4 33. Rxg8+ Kxg8 34. g6 hxg6 35. hxg6 Qf6 36. Re3 Qxg6 37. Rxe5 Qf6 $1 {
âî âñåé ñâîåé êðàñå è ñèëå ïðîÿâëÿëàñü ãåíèàëüíîñòü Àíàíäà (èëè õîðîøàÿ ðàáîòà
åãî «àäâàíñ»-áðèãàäû) - áåëûå òåðÿþò ïåøêó íà f3 èç-çà ñëàáîñòè ïîëÿb2!})
31... Kxg8 32. Rxe5 Qxf3 33. Rc5 Qh1 34. Rc4 Qe1 $1 {
- Çíàêîìüòåñü Àëèñà, ýòî Öóãöâàíã!  - Çíàêîìüòåñü Öóãöâàíã, ýòî Àëèñà!} 35. Rf4
h5 $5 {Êàæåòñÿ, íà ïåðâûé âçãëÿä, ÷òî ýòî íåòî÷íîñòü.  È õî÷åòñÿ, ñêàçàòü,
÷òî ñëåäîâàëî îãðàíè÷èòüñÿ «ñêðîìíûì» 35...h6 ñ òåì æå ýôôåêòîì - 36.gxh6
gxh6 è ò.ä. Âåäü ïîñëå 35...h6 ïëîõî 36.g6 h5 è öóãöâàíã óñóãóáëÿåòñÿ} ({
È õî÷åòñÿ, ñêàçàòü, ÷òî ñëåäîâàëî îãðàíè÷èòüñÿ «ñêðîìíûì»} 35... h6 {
ñ òåì æå ýôôåêòîì -} 36. gxh6 gxh6 {è ò.ä.}) ({Âåäü ïîñëå} 35... h6 {ïëîõî} 36.
g6 h5 {è öóãöâàíã óñóãóáëÿåòñÿ}) 36. gxh6 ({À òåïåðü ìíå êàçàëîñü, ÷òî óæå
áåëûå ìîãëè ïîñòàâèòü â íåêèé «ïîëóöóãöâàíã» ÷¸ðíûõ!} 36. g6 $1 {È âñ¸ äåëî
â òîì, ÷òî òåïåðü äëÿ èçâëå÷åíèÿ çàíîçû ñ ïîëÿ g6 ÷¸ðíûì ïðèä,òñÿ îòäàòü
ïåøêó b4! È ÿ äóìàë ÷òî áåëûå óñïåâàþò: à) óíè÷òîæèòü ÷¸ðíûå ïåøêè
ôåðçåâîãî ôëàíãà, è á) îñòàíîâèòü ïóò¸ì æåðòâû ëàäüè ïðîõîäíóþ ÷¸ðíûõ íà
êîðîëåâñêîì ôëàíãå. È ÿ óæå ñîâñåì áûëî ñîáðàëñÿ çàäàòü MS î÷åðåäíîé âîïðîñ
(íà òåìó: «Êðåïîñòü èëè íå êðåïîñòü?») ïî ïîâîäó ïðèìåðíî ñëåäóþùåé ïîçèöèè
(8/1k6/8/8/2N4q/1P6/PKP5/8):} {Êàê âûÿñíèëîñ ÷òî âñ¸ ýòî íåàêòóàëüíî:} Qd2 $1
(36... Qg1 37. Rxb4 Qxg6 38. Ra4 Qf6 39. Nd3 g5 40. hxg5 Qxg5 41. Rxa3 h4 42.
Ra8+ Kg7 43. Ra7+ Kf8 44. Ra8+ Ke7 45. Ra7+ Kd6 46. Ra6+ Kc7 47. Ra7+ Kb6 48.
Rh7 Qg1+ 49. Kb2 Qg6 50. Rxh4 Qf6+ 51. Ne5 Qxh4 52. Nc4+ Kb7) 37. Re4 ({
ïðèìåðíî òàêèå æå âàðèàíòû âîçíèêàëè è ïîñëå} 37. Rc4) 37... Kf8 38. Nd3 Qd1+
39. Nc1 Qd6 40. Nd3 Qxg6 41. Rxb4 Qg1+ 42. Nc1 g5 43. hxg5 Qxg5 44. Ra4 h4 45.
Rxa3 h3 {, è áåëûå ñîâåðøåííî íè÷åãî íå óñïåâàþò!}) 36... gxh6 37. Rg4+ Kf7
38. Rf4+ Kg6 39. Rg4+ Kf5 40. Rc4 h5 {Êàê ñîõðàíèòü ïåøêó h4? À íèêàê!} 41.
Rc5+ Kg4 42. Rc4+ Kf3 43. Rd4 Qe5 $1 {
Âîò è âñ¸... Êðåïîñòü áåëûõ ïàëà! Ïîëå b2!} 44. c3 Qh2 45. Rd3+ Ke4 $6 ({
Ìîæíî áûëî «âèðòóîçíî» ñêóøàòü ïåøêó, íå òåðÿÿ òåìïà:} 45... Kg4 46. Rd4+ Kg3
47. Rd3+ Kxh4 {- ïðàêòè÷åñêè ñ ìãíîâåííîé ïîáåäîé.}) {Â «íàêàçàíèå» çà ýòî
óïóùåíèå ÷¸ðíûå áóäóò âûíóæäåíû ñäåëàòü ñ äåñÿòîê ëèøíèõ õîäîâ. À â îäíîì
ìåñòå ó ìåíÿ âîçíèê âîïðîñ-ñîìíåíèå...} 46. Rd4+ Kf5 ({Ñèëüíåå} 46... Ke3 $1
47. Rd3+ Kf4 48. Rd4+ Kg3 {, âîçâðàùàÿñü íà ïóòü èñòèííûé.}) 47. Nd3 Qd2 48.
Rd5+ Kf6 49. c4 Qd1+ 50. Nc1 Qg4 51. Rd2 Qxh4 52. Nd3 Qd4 53. Kc2 h4 {
À ñåé÷àñ ïîçâîëüòå âûðàçèòüñÿ. Êðàñèâî. Âèäèìî, ñòèáðèë îòêóäà-òî ôðàçó:
«ïîçèöèÿ ÷¸ðíûõ äàâíî óæå çà ãðàíüþ äîáðà è çëà».} 54. Nxb4 Qb2+ ({Èëè} 
54... Qxd2+ {(Íîòêèí)} 55. Kxd2 h3 {.}) 55. Kd1 Qb1+ 56. Ke2 Qe4+ 57. Kd1 h3
58. Nd3 Qh1+ 59. Ke2 h2 60. Nf2 Qg2 {
Ñëåäóåò ïðèçíàòü, ÷òî ðåàëèçàöèÿ ïîäçàòÿíóëàñü.} 61. Ke3 ({
À âîò çäåñü âîïðîñ MS êðåïîñòè ïîñëå} 61. Rd1 $5 {âïîëíå óìåñòåí.}) 61... Ke7
62. Rd5 h1=Q 63. Nxh1 Qxa2 $1 {È çà ïåøêó «à» ïðèä,òñÿ îòäàòü ëàäüþ...} ({
Ïîñëå 6} 63... Qxh1 64. Rd2 {ìîãëè âîçíèêíóòü ïðîáëåìû.  À òåïåðü çà ïåøêó
«à» ïðèä,òñÿ îòäàòü ëàäüþ. Ïîýòîìó Ñåðãåé Êàðÿêèí ñäàëñÿ.}) 0-1

[Event "Corus Wijk aan Zee"]
[Site " Wijk aan Zee"]
[Date "2007.01.24"]
[Round "10"]
[White "GM Shirov, , Alexei (ESP)"]
[Black "GM Ponomariov, Ruslan (UKR)"]
[Result "1/2-1/2"]
[WhiteElo "2715"]
[BlackElo "2723"]
[Annotator "Ìèõàèë Êðîéòîð"]
[PlyCount "94"]
[EventDate "2007.01.??"]
[EventType "tourn"]
[EventCountry "NED"]
[EventCategory "19"]
[Source "CrestBook.com"]

1. e4 c5 2. Nf3 d6 3. d4 cxd4 4. Nxd4 Nf6 5. Nc3 a6 6. Be3 e5 {
Âàðèàíò Íàéäîðôà - îäíà èç àêòóàëüíåéøèõ ñõåì íà ñåãîäíÿøíèé äåíü.} 7. Nb3 Be6
8. Qd2 Nbd7 9. f3 b5 10. a4 ({
Óæå ìíîãî ðàç â ýòîì òóðíèðå ìû âèäåëè àíãëèéñêóþ àòàêó -} 10. g4 $5) 10... b4
11. Nd5 Bxd5 12. exd5 Nb6 13. Bxb6 Qxb6 14. a5 Qb7 15. Bc4 Be7 16. Ra4 Rb8 17.
Qd3 Ra8 18. Qd2 Rb8 19. Nc1 Bd8 20. b3 {Âû äóìàåòå, ÷òî ýòî íîâûé âàðèàíò?!
Îòíþäü! Îêàçûâàåòñÿ, òàê èãðàëè åù¸ áîëåå 25 ëåò íàçàä!} (20. O-O O-O 21. Kh1
e4 22. Nb3 exf3 23. gxf3 Nd7 24. Nd4 Nc5 25. Ra2 Qe7 26. Nc6 Qh4 27. Nxb8 Qxc4
28. Raa1 Bf6 29. b3 Qh4 30. Nc6 Bxa1 31. Rxa1 Re8 {
È, êàê ãîâîðèòñÿ, ïîñëå îæèâë,ííîé áîðüáû ïàðòèÿ çàâåðøèëàñü âíè÷üþ -} 32.
Rf1 g6 33. Nxb4 Ne4 34. Qg2 Ng3+ 35. Qxg3 Qxb4 36. Qg4 Qxa5 37. Qd7 Re1 38.
Rxe1 Qxe1+ 39. Kg2 Qe2+ 40. Kg3 Qe5+ 41. Kg2 Qg5+ 42. Kf2 Qxd5 43. Qc8+ Kg7 44.
Qxa6 Qc5+ 45. Kg3 Qxc2 46. b4 Qd2 47. b5 Qe1+ 48. Kg2 Qe2+ 49. Kg3 Qe5+ 50. Kg2
Qb2+ 51. Kg3 d5 52. b6 d4 53. b7 d3 54. Qa8 Qe5+ 55. Kg2 Qe2+ 56. Kg3 Qe5+ 57.
Kg2 d2 58. b8=Q Qxb8 59. Qxb8 d1=Q 60. Qe5+ {
1/2-1/2 Gufeld,E (2515)-Gaprindashvili,N (2300)/Ckhaltubo 1981/EXT 99}) 20...
O-O 21. Na2 e4 22. Nxb4 {Äî ñèõ ïîð ïàðòèÿ ñîâïàäàëà ñ ïàðòèåé, èãðàííîé òåìè
æå ñîïåðíèêàìè íà Ìåìîðèàëå Òàëÿ â 2006 ãîäó! Òàê ÷òî ýòî áûë íå òîëüêî
ïðèíöèïèàëüíûé, íî òåîðåòè÷åñêèé ñïîð...} ({Â Ìîñêâå äåëî çàêîí÷èëîñü ìèðîì:
} 22. Kd1 exf3 23. gxf3 Nd7 24. Rxb4 Qc7 25. Ra4 Qc8 26. Be2 Nc5 27. Rg4 Bf6
28. Nb4 Na4 29. Nc6 Nc3+ 30. Qxc3 Bxc3 31. Ne7+ Kh8 32. Nxc8 Rfxc8 33. Rc4 {
1/2-1/2 Shirov,A (2720)-Ponomariov,R (2703)/Moscow RUS 2006/The Week in Chess
627}) 22... Re8 23. Kd1 $146 {Òîëüêî ýòîò õîä îêàçàëñÿ ïåðâûì ñàìîñòîÿòåëüíûì
- è âçÿòèå ïåøêè ÷¸ðíûì êîí¸ì íà 22-ì õîäó è âûïàä ëàäüåé íà ñëåäóþùåì
âñòðå÷àëèñü ðàíåå â ïàðòèè ìàëîèçâåñòíûõ èãðîêîâ. Âïðî÷åì, ãðîññìåéñòåðû
ìîãëè çàìåòèòü è å,... Õîä êîðîë,ì äîâîëüíî óäà÷åí - îòêðûâàåòñÿ äîðîãà ëàäüå
ñ «h» â öåíòð, óáèðàåòñÿ îò «ðåíòãåíà» ëàäüè ñàì êîðîëü, êðîìå òîãî, â
îòëè÷èå îò ðîêèðîâêè êîðîëü íå ïîïàäàåò ïîä íåïðèÿòíûå øàõè.} ({
À ýòà «çàãàäî÷íàÿ» ïàðòèÿ ïðîäîëæàëàñü òàê:} 23. O-O {è òåïåðü ìû å,
îáðûâàåì, ïîòîìó ÷òî ñåé÷àñ ÷¸ðíûå, âèäèìî ìîãëè ñûãðàòü ñèëüíåå:} Bxa5 ({
âìåñòî} 23... exf3 {, ÷òî ïðàâäà, â êîíöå êîíöîâ ïðèâåëî ê ïîáåäå ÷¸ðíûõ â
ïàðòèè 0-1 Sakelsek,T (2185)-Novak,G (2172)/Ljubljana 2001}) (23... Bxa5) 24.
Rxa5 Qb6+ 25. Qf2 e3 26. Qe2 Qxa5 27. Nc6 Qc3 28. Nxb8 Rxb8 $15 {
ñ ïåðåâåñîì ó ÷¸ðíûõ.}) 23... e3 24. Qc3 e2+ {
×òîáû îòâëå÷ü ñëîíà îò çàùèòû ïåøêè d5.} ({
Íî, ïîõîæå, ÷òî ñîõðàíÿåò ðàâåíñòâî è âðåìåííàÿ æåðòâà âòîðîé ïåøêè -} 24...
Nd7 25. Nxa6 Rc8 26. Qb4 Qa7 27. Kc1 e2 28. Re1 Qf2 {- è îäíà ïîëîâèíà
ïîæåðòâîâàííîãî ìàòåðèàëà îòûãðûâàåòñÿ, à âòîðàÿ - êîìïåíñèðóåòñÿ ïåøêà e2
ñìîòðèòñÿ äîâîëüíî ãðîçíî.}) 25. Bxe2 Nxd5 26. Nxd5 Qxd5+ {æå ìîæíî çàìåòèòü
îäíó îñîáåííîñòü ïîçèöèè - «ðàçíîöâåò». Áåëûå ëåãêî óäåðæèâàþò ëèøíþþ
ïåøêó, íî ðàçìåíû âñ¸ ðàâíî ïðèâåäóò ê íè÷üåé.} 27. Bd3 Bf6 28. Qc4 ({
Íó, «ñîâñåì óæ íè÷üÿ» (íî íå áåç ýôôåêòîâ è ñ âîëíåíèÿìè áåëûõ) ïîëó÷àëàñü
ïîñëå îòõîäà ôåðçÿ íà d2, íàïðèìåð:} 28. Qd2 Qc5 29. Qf4 Qc3 30. Bxa6 Rxb3 31.
cxb3 Qxb3+ 32. Kc1 {È òåïåðü -} Qb2+ $11 ({è, êîíå÷íî æå, íåâàæíî} 32... Rb8 {
èç-çà} 33. Qe4 Qb2+ 34. Kd1 d5 35. Qc2 Qb1+ 36. Qxb1 Rxb1+ 37. Kd2 {
- ïðîõîäíàÿ «à» ðåøàåò äåëî})) 28... Qg5 29. Qg4 Qe3 30. Qf5 ({
Ôåðçåé ìîæíî áûëî ðàçìåíÿòü è ïî-äðóãîìó -} 30. Re4 Qc5 31. Qf5 $1) 30... g6
31. Qf4 ({Íî ïî÷åìó æå íå çàáðàòü ñëîíà -} 31. Qxf6 $2 {Îêàçûâàåòñÿ, â ýòîì
ñëó÷àå ÷¸ðíûå æåðòâóþò åù¸ è ëàäüþ - ðàäè ìàòîâîé àòàêè -} Rxb3 $1 32. cxb3
Qxd3+ 33. Kc1 Qxb3 $1 {
è ÷òîáû íå äîïóñòèòü 34... Re2 áåëûå âûíóæäåíû ïåðåéòè â òÿæ,ëûé ýíäøïèëü -} {
è ÷òîáû íå äîïóñòèòü 34... Re2 áåëûå âûíóæäåíî ïåðåõîäÿò â òÿæåëîôèãóðíûé
ýíäøïèëü -} 34. Qb2 Qxa4 {, ãäå ó íèõ ãîëûé êîðîëü è íåò ïåøêè.}) 31... Bc3 ({
Âèäèìî, ñëèøêîì îïòèìèñòè÷íî áûëî áû òåïåðü} 31... Rxb3 32. Qxe3 Rxe3 33. cxb3
Rxd3+ 34. Ke2 Rxb3 35. Rd1) 32. Qxe3 {
Ïðèõîäèòñÿ. Ãðîçèë, êàê âû ïîíèìàåòå, ìàò â 2 õîäà.} Rxe3 33. Re4 Re8 34. Rxe3
Rxe3 35. Bxa6 Bxa5 {âñ¸ ìåíüøå ôèãóð, âñ¸ áîëüøå çíà÷èò «ðàçíîöâåò». Íå
ñìîòðÿ íà òî, ÷òî ó áåëûõ ëèøíÿÿ ïåøêà, èõ ôèãóðû ñòåñíåíû. Àëåêñåé ïðèíèìàåò
ðåøåíèå ââåñòè ëàäüþ â èãðó ÷åðåç ëèíèþ «a».} 36. Kc1 Kf8 ({
Ïî ìíå, ñèëüíåå ñìîòðèòñÿ ïîïûòêà äåðæàòü áåëîãî êîðîëÿ â ïîñòîÿííîì ñòðàõå:} 
36... Bc3 37. f4 d5 38. Rf1 Kg7 $11) 37. Kb2 ({Íåêîòîðûì, íàâåðíîå, èíòåðåñíî,
ïî÷åìó áåëûå íå ïîïûòàëèñü âûèãðàòü ïåøêó «d» íà ýòîì èëè ñëåäóþùåì õîäàõ?
Îòâåò ïðîñò:} 37. Rd1 Bc3 38. Rxd6 {è çäåñü ôîðñèðóåòñÿ èçÿùíûé âå÷íûé øàõ:}
Re1+ 39. Rd1 Bb2+ 40. Kd2 Bc3+ 41. Kc1 $11 {. Ñèìïàòè÷íî!}) 37... d5 38. Ka3
Bc3 39. b4 Ke7 40. Ka4 {Âûðèñîâûâàåòñÿ åù¸ îäèí «çëîáíûé» çàìûñåë áåëûõ -
ïåøêà b4 âåäü ïðîõîäíàÿ! È åñëè å, ïîääåðæàòü ëàäü,é...} Kd6 41. Rb1 Re1 {
Âûíóæäàÿ ðàçìåí ëàäåé, ïîñëå ÷åãî ñèëà ïåøêè ïàäàåò.} 42. Rxe1 ({Â âàðèàíòå} 
42. Rb3 d4 {áåëûå ôèãóðû î÷åíü ñêîâàíû. Íàïðèìåð,} 43. b5 $2 (43. Bd3 Rg1 $11)
43... Kc5 {è áåëîìó êîðîëþ òåñíî. Òîãî è ãëÿäè... Íåíàðîêîì...}) 42... Bxe1 43.
Kb3 f5 44. c3 h5 45. Bb5 {Óãðîçà 46.Be8 ëåãêî îòðàæàåòñÿ.} g5 {Ó áåëûõ ëèøíÿÿ
ïåøêà, íî ýòîãî ÿâíî íåäîñòàòî÷íî äëÿ ïîáåäû. Âåäü ñîçäàòü âòîðóþ ñëàáîñòü ó
ïðîòèâíèêà íåò íèêàêîé âîçìîæíîñòè.} 46. Kc2 f4 47. Kd3 h4 {
Òèïè÷íàÿ «ðàçíîöâåòíàÿ» íè÷üÿ.} 1/2-1/2

[Event "Corus Wijk aan Zee"]
[Site " Wijk aan Zee"]
[Date "2007.01.24"]
[Round "10"]
[White "GM Tiviakov, Sergey (NED)"]
[Black "GM Navarra, David (CZE)"]
[Result "1/2-1/2"]
[WhiteElo "2667"]
[BlackElo "2719"]
[Annotator "Ðîìàí Äîáðîíîâñêèé "]
[PlyCount "34"]
[EventDate "2007.01.??"]
[EventType "tourn"]
[EventCountry "NED"]
[EventCategory "19"]
[Source "CrestBook.com"]

1. e4 e5 2. Nf3 Nc6 3. Bb5 Nf6 4. d3 $1 {Îòëè÷íûé õîä íà áîðüáó! Ïðàâäà
÷åðåç äåñÿòîê õîäîâ âûÿñíèëîñü, ÷òî áåíçèí ó áîéöà êîí÷èëñÿ äîâîëüíî áûñòðî.
..} d6 5. O-O ({
Ñâåðí,ì íà ìèíóòêó â ñòîðîíó è ïîñìîòðèì, êàê íàäî èãðàòü â øàõìàòû -} 5. c3 g6
6. Nbd2 Bg7 7. Nf1 O-O 8. Ba4 Nd7 9. Ne3 Nc5 10. Bc2 Ne6 11. h4 Ne7 12. h5 d5
13. hxg6 fxg6 14. exd5 Nxd5 15. Nxd5 Qxd5 16. Bb3 Qc6 17. Qe2 Bd7 18. Be3 Kh8
19. O-O-O Rae8 20. Qf1 a5 21. d4 exd4 22. Nxd4 Bxd4 23. Rxd4 $1 Nxd4 24. Rxh7+
$3 Kxh7 25. Qh1+ Kg7 26. Bh6+ Kf6 27. Qh4+ Ke5 28. Qxd4+ {
1-0 Steinitz,W-Chigorin,M/Havana 1892/}) 5... Bd7 6. Re1 g6 7. Bxc6 $6 $146 {
Ïî âèäó - íå ñëèøêîì îáåùàþùàÿ èäåÿ. Âîò òàê, ïðîñòî, áåç ïîíóêàíèÿ îòäàâàòü
«èñïàíñêîãî» ñëîíà - íåò, âî ìíå áóíòóåò êëàññè÷åñêîå øàõìàòíîå âîñïèòàíèå.}
Bxc6 8. c4 Bg7 9. Nc3 O-O 10. d4 exd4 11. Nxd4 Ng4 $3 {
? Ëîêàëüíàÿ âñïûøêà ãåíèÿ, îæèâëÿþùàÿ ýòó áåñöâåòíóþ ïàðòèþ.} 12. Qxg4 {
Ñàìûé èíòåðåñíûé ìîìåíò â ïàðòèè.} ({
Ïî÷åìó áåëûå íå ïîïûòàëèñü âûèãðàòü ôèãóðó ïîñðåäñòâîì} 12. Nxc6 {
? Ïîïðîáóåì ðàçîáðàòüñÿ...} {Åñëè ÷åðíûå íå õîòÿò ñäàâàòüñÿ ñðàçó, íàäî õîäèòü
} Qh4 (12... bxc6 13. Qxg4 {ðàññìàòðèâàòü íå áóäåì :).}) 13. h3 Nxf2 $1 (13...
Qxf2+ 14. Kh1 bxc6 15. hxg4 {íå äàåò äîñòàòî÷íîé êîìïåíñàöèè çà ôèãóðó.}) 14.
Qf3 (14. Qd2 Nxh3+ 15. gxh3 Qg3+ 16. Kf1 Qxh3+ 17. Qg2 Qd3+ {
è íàäî ñîãëàøàòüñÿ íà âå÷íûé øàõ, òàê êàê ñëèøêîì îïàñíî} 18. Re2 $6 bxc6)
14... Nd3 ({Åñëè} 14... Nxh3+ 15. Kf1 Bxc3 16. bxc3 f5 {, òî} 17. Ne7+ $1 ({
íå âïîëíå ÿñíî} 17. Qxh3 fxe4+ 18. Ke2 Qf2+ 19. Kd1 bxc6 20. Qe6+ Rf7 21. Qxe4
d5) 17... Qxe7 18. exf5 Qf7 ({Ñëàáåå, âèäèìî,} 18... Qh4 19. Re4 Ng5 20. Rxh4
Nxf3 21. gxf3 Rxf5 22. Ke2 Raf8 23. Rh3 Re8+ 24. Be3) 19. gxh3 Qxc4+ 20. Kg2 ({
Íà} 20. Kg1 {íåïðèÿòíî} Qh4) 20... Rae8 21. Bh6 Rxe1 22. Rxe1 Rxf5 23. Qxb7 {
è ÷åðíîìó êîðîëþ æèâåòñÿ óæå íè÷óòü íå ëó÷øå ÷åì áåëîìó, à ôèãóðû-òî íåò!}
{è íå ñòðàøíî. È ãðåõ íå ïðèâåñòè â àíàëèçå ñëåäóþùèå ÷óäî-âàðèàíòû:} Qxa2+ (
23... Kf7 24. Qc8 Qxa2+ (24... Qc6+ 25. Kg1 Qb6+ 26. Be3 Rg5+ 27. Kf2 Qb2+ 28.
Re2 Rg2+ 29. Kxg2 Qxe2+ 30. Bf2 Qe4+ 31. Kg1 Qb1+ 32. Kh2) 25. Kh1 Qd5+ 26. Kg1
) 24. Kg3 $3 Qf2+ 25. Kg4 {òàê êàê ÷¸ðíûå äîëæíû òðóáèòü ïîëíûé îòáîé:} Rf8 (
25... Qxe1 26. Qa8+ Kf7 27. Qf8+ Ke6 28. Qe8+) 26. Qd5+ Kh8 27. Qe4 Rg8 28. Be3
$3 h5+ 29. Kg5 $18) 15. Re3 Nxc1 16. Nb4 f5 (16... Nxa2 $6 {
ïîõîæå íà ïîòåðþ òåìïà.}) 17. Rxc1 Bd4 18. Kh1 Bxe3 19. Qxe3 Rae8 {
ñ î÷åíü èíòåðåñíîé èãðîé.}) 12... Bxd4 13. Bg5 Qd7 14. Qxd7 Bxd7 15. Nd5 Bc6 {
Ïîñëå êîðîòêîé âñïûøêè àêòèâíîñòè Íàâàðà, âèäèìî, âñïîìíèë î ñâîåé ñåðèè
ïîðàæåíèé è ñäåëàë íàðî÷èòî êðåïêèé õîä.} ({Íåêîòîðûé ïåðåâåñ ñîõðàíÿëî} 15...
f5 $5 {è íå ñëèøêîì óäà÷íî äëÿ áåëûõ} 16. Nxc7 Rac8 17. Nd5 Rxc4 {
- ôèãóðû ÷¸ðíûõ î÷åíü àêòèâíû.}) 16. Bf6 $1 {
Ðàçìåíèâàÿ îïàñíîãî ÷åðíîïîëüíîãî ñëîíà ïðîòèâíèêà.} ({
Íåóäà÷åé çàêàí÷èâàåòñÿ} 16. Nxc7 $2 Rac8 17. Nd5 Bxd5 18. cxd5 $6 ({Ëó÷øå} 
18. exd5 Rxc4) 18... Rc2 {ñ ÿñíûì ïåðåâåñîì ó ÷åðíûõ.}) 16... Bxf6 ({
Íè÷åãî íå äà,ò è} 16... Bxd5 17. Bxd4 Bxc4 18. Rec1) 17. Nxf6+ Kg7 {
âñ¸. Êîí÷èëèñü ïàòðîíû.} ({Ïîñëå} 17... Kg7 18. Nd5 {ïî÷òè âûíóæäåí ðàçìåí
íà d5 è ïåðåõîä â ðàâíûé «ëàäåéíèê».  Ïîñëå òàêîé íè÷üåé, õî÷åòñÿ çàäàòü
íàâåðíîå, ðèòîðè÷åñêèé âîïðîñ: «êîãî æå îíè ñîáèðàþòñÿ îáûãðûâàòü, êàê íå
äðóã äðóãà?»}) 1/2-1/2